| 000 | 00625nam a22002052 4500 | ||
|---|---|---|---|
| 001 | 0000023762 | ||
| 005 | 20151217152248.0 | ||
| 008 | 130322s xx 000 0 eng d | ||
| 020 | _a1594520399 : | ||
| 040 |
_aKABU _cKABU |
||
| 100 | 1 |
_aSanders, J. Oswald. _@0000149644 |
|
| 245 | 1 | 0 |
_aSpiritual leadership : _bprinciples of excellence for every believer / _cJ. Oswald Sanders. |
| 250 | _a1st ed. | ||
| 260 |
_aWheaton, IL : _bOasis, _c1984. |
||
| 300 | _a189 p. | ||
| 650 | 0 |
_aChristian leadership. _@0000149555 |
|
| 852 | 1 | _9p490 KES | |
| 908 | _a130322 | ||
| 950 | _@1 | ||
| 999 |
_c9966 _d9966 |
||